Spotreba zemného plynu v priemysle na Slovensku – regionálne porovnanie
Spotreba zemného plynu v priemysle na Slovensku. Vývoj plynárenstva na Slovensku, vlastnosti zemného plynu a jeho výhody. Spotrebu zemného plynu v priemysle na Slovensku v roku 2021 a porovnanie jeho spotreby podľa krajov.
Salvato in:
| Autore principale: | |
|---|---|
| Altri autori: | |
| Natura: | Capitolo di libro |
| Lingua: | slovacco |
| Soggetti: | |
| Tags: |
Nessun Tag, puoi essere il primo ad aggiungerne!!
|
MARC
| LEADER | 00000naa$a2200000$$$4500 | ||
|---|---|---|---|
| 001 | 0292040 | ||
| 005 | 20240502074500.4 | ||
| 041 | 0 | |a slo | |
| 044 | |a SK | ||
| 245 | 1 | 0 | |a Spotreba zemného plynu v priemysle na Slovensku – regionálne porovnanie |c Jozef Gajdoš, Pavol Andrejovský |
| 520 | |a Spotreba zemného plynu v priemysle na Slovensku. Vývoj plynárenstva na Slovensku, vlastnosti zemného plynu a jeho výhody. Spotrebu zemného plynu v priemysle na Slovensku v roku 2021 a porovnanie jeho spotreby podľa krajov. | ||
| 610 | 2 | 0 | |a plyn |
| 610 | 2 | 0 | |a plyn zemný |
| 610 | 2 | 0 | |a spotreba |
| 610 | 2 | 0 | |a porovnanie regionálne |
| 610 | 2 | 0 | |a výhody komparatívne |
| 610 | 2 | 0 | |a Slovensko |
| 100 | 1 | |a Gajdoš, Jozef, 1962-2025 | |
| 700 | 1 | |a Andrejovský, Pavol, 1975- | |